000
00311nam a2200133Ia 4500
005
20251222141926.0
008
251222s9999||||xx |||||||||||||| ||spa||
020
_a
84-89832-78-1
082
_a
893.1/M27
100
_a
Maspero, Gastón
245
0
_a
Cuentos del Antiguo Egipto
264
_b
Abraxas
942
_c
LIB
999
_c
8878
_d
8878